| 000 | 00528nam a22001577a 4500 | ||
|---|---|---|---|
| 999 |
_c8639 _d8639 |
||
| 003 | OSt | ||
| 008 | 200529b ||||| |||| 00| 0 eng d | ||
| 020 | _a978-0824718312 | ||
| 100 | _aYie, W Chien | ||
| 245 | _aNovel drug delivery systems: Fundamentals, developmental concepts, biomedical assessments (Drugs and the pharmaceutical sciences) | ||
| 250 | _a2nd | ||
| 260 |
_aNew Delhi _bCRC Press |
||
| 300 | _a2018 | ||
| 650 | _aPharmaceutics- Drug Delivery Systems,Pharmaceutical Engineering regulraty Science | ||
| 942 |
_2ddc _cBK |
||